ハモネプ歴代王者 - Statistics

General Stats
  • This quiz has been taken 2 times
  • The average score is 8 of 28
Answer Stats
大会 Answer % Correct
第14回 グラコロン
100%
第9回 姉と僕
50%
第10回 センメ
50%
第13回 アルテマ
50%
第20回 洛陽
50%
第21回 たむらまろ
50%
第11回 AS★KNOW
50%
第8回 A-Z
50%
第28回 Bam B Crew
50%
第7回 Ban B Crew
50%
第6回 どんぐり
50%
第1回 ポチ
50%
第3回 ア・カッペラーズ
50%
第5回 じゃ~んずΩ
50%
第12回 joker
50%
第16回 オヤジ☆ズム
0%
第18回 なかよし圭三
0%
第19回 七色ボイス
0%
第22回 ザ・コンティニューズ
0%
第23回 あまがさ
0%
第24回 ブラックムーン
0%
第25回 夜にワルツ
0%
第26回 バリバリ
0%
第27回 うたかるた
0%
第2回 レプリカ​
0%
第17回 G7
0%
第4回 Soft Voice
0%
第15回 出動!アカペラ―Z
0%
No matching quizzes found
Score Distribution
Percent of People with Each Score
Percentile by Number Answered
Your Score History
You have not taken this quiz